00201nam a2200073Ia 4500008004100000050002000041100002000061245004600081230915s9999 xx 000 0 und d aRJ 245.P43 2008 a PRICE,DEBRA L. 0aPEDIATRIC NURSING : AN INTRODUCTORY TEXT